Normal view
MARC view
Entry Corporate Name
001 - CONTROL NUMBER
- control field: 596
003 - CONTROL NUMBER IDENTIFIER
- control field: TZ-ArACH
005 - DATE AND TIME OF LATEST TRANSACTION
- control field: 20110127111620.0
008 - FIXED-LENGTH DATA ELEMENTS
- fixed length control field: 110127|||a|||||| | ||| d
040 ## - CATALOGING SOURCE
- Original cataloging agency: TZ-ArACH
- Transcribing agency: TZ-ArACH
110 ## - HEADING--CORPORATE NAME
- Corporate name or jurisdiction name as entry element: Council of Europe.
- Subordinate unit: Terminology Office.
670 ## - SOURCE DATA FOUND
- Source citation: Work cat.: (TZ-ArACH)644: Lexique anglais-français :, c1993.
670 ## - SOURCE DATA FOUND
- Source citation: Work cat.: (TZ-ArACH)644: Lexique anglais-français :, c1993.
